समुद्र की आग (Record no. 53986)

MARC details
000 -LEADER
fixed length control field 00421nam a2200157Ia 4500
008 - FIXED-LENGTH DATA ELEMENTS--GENERAL INFORMATION
fixed length control field 090123s9999 xx 000 0 und d
082 ## - DEWEY DECIMAL CLASSIFICATION NUMBER
Item number 15925
245 ## - TITLE STATEMENT
Title समुद्र की आग
250 ## - EDITION STATEMENT
Edition statement 0
260 ## - PUBLICATION, DISTRIBUTION, ETC. (IMPRINT)
Name of publisher, distributor, etc नकहत प.
300 ## - PHYSICAL DESCRIPTION
Extent 156
630 ## - SUBJECT ADDED ENTRY--UNIFORM TITLE
Uniform title समुद्र की आग
700 ## - ADDED ENTRY--PERSONAL NAME
Personal name प्रेम प्रकाश
730 ## - ADDED ENTRY--UNIFORM TITLE
Uniform title समुद्र की आग
942 ## - ADDED ENTRY ELEMENTS (KOHA)
Koha item type Book
Holdings
Withdrawn status Lost status Damaged status Not for loan Home library Current library Date acquired Cost, normal purchase price Total Checkouts Full call number Barcode Date last seen Cost, replacement price Price effective from Koha item type
      Added to bundle Jawahar Wachalanalaya, Kalwa Jawahar Wachalanalaya, Kalwa 03/31/2002 4.50   15925 KLW-15925 01/23/2009 4.50 01/23/2009 Book